Liquids - Sudden Death! - Statistics

General Stats
  • This quiz has been taken 3,150 times
    3,118 since last reset
  • The average score is 16 of 22
Answers on the Grid
Answers color-coded by a green-red scale on the quiz's grid according to % correct below.
Water
Gasoline
Coffee

(the drink)

Soy sauce
Foam
Blood
Milk
Bread
DNA
Mercury
Gallium
Syrup
Butter
Glass
Honey
Paint
Heavy whipping cream
Orange juice
Chalk
Food coloring
Lemonade
Vanilla extract
Cotton candy
Gelatin
Barbeque sauce
Hummus
Mouthwash
Sesame oil
Ink
Coconut
Velvet
Bromine
Ethanol
Urine
Sugar
Methane
 
Answer Stats
Answer % Correct
Blood
84%
Milk
84%
Coffee

(the drink)

83%
Orange juice
83%
Urine
83%
Water
83%
Lemonade
82%
Soy sauce
81%
Ink
79%
Mouthwash
79%
Sesame oil
79%
Syrup
79%
Gasoline
78%
Barbeque sauce
75%
Paint
74%
Food coloring
70%
Honey
70%
Vanilla extract
69%
Mercury
68%
Ethanol
66%
Heavy whipping cream
40%
Bromine
36%
No matching quizzes found
Score Distribution
Percent of People with Each Score
Percentile by Number Answered
Your Score History
You have not taken this quiz since the last reset